| 000 | 00874nam a2200241Ia 4500 | ||
|---|---|---|---|
| 001 | 18300 | ||
| 003 | GE_BSU | ||
| 008 | 181216s||||||||xx |||||||||||||| ||und|| | ||
| 020 | _a9789941163166 | ||
| 040 | _cGE_BSU | ||
| 080 | _a821.353.1-91 | ||
| 245 | _aთქმულება და ეპოსი. 1 | ||
| 245 | _cშეადგ.,შესავ.წერილი და შენიშვნ.დაურთო თ.ქურდოვანიძე. რედ.ბ.ბეჟუაშვილი | ||
| 260 | _aთბილისი | ||
| 260 | _bსაქართველოს მაცნე | ||
| 260 | _c2013 | ||
| 300 | _a344გვ. ; 22სმ. | ||
| 300 | _eშემოკლებანი გვ.331. | ||
| 520 | _aშენ. გვ.:332-339 | ||
| 541 | _h8ლ.40თ. | ||
| 653 | _aთქმულება და ეპოსი | ||
| 942 | _cBK | ||
| 999 |
_c51331 _d51331 |
||